[Event "SR 3. liga A2 2009/2010"]
[Site "?"]
[Date "2010.03.28"]
[Round "11.2"]
[White "Mihalik, Marek"]
[Black "Halas, Miroslav"]
[Result "1-0"]
[WhiteElo "2090"]
[BlackElo "1939"]
[PlyCount "121"]
[EventDate "2009.??.??"]

1. d4 d5 2. c4 c6 3. Nf3 Nf6 4. cxd5 cxd5 5. Nc3 e6 6. g3 Bd6 7. Bg2 h6 8. O-O
O-O 9. Re1 Nc6 10. Nb5 Bb8 11. b3 Qa5 12. a4 a6 13. Na3 Ne4 14. Bb2 Bd6 15. Nc2
Bd7 16. Ba3 Nb4 17. Bxb4 Bxb4 18. Nxb4 Qxb4 19. Ne5 Nf6 20. e3 Rfc8 21. Nd3 Qd6
22. Qd2 Ne4 23. Qb2 Rc7 24. Rac1 Rac8 25. Rxc7 Qxc7 26. Rc1 Qd6 $11 27. Rxc8+
Bxc8 28. Bxe4 dxe4 29. Nc5 f5 30. Qc3 Qc6 31. a5 Bd7 32. Qb4 Qb5 33. Qxb5 Bxb5
34. Nxb7 Kf8 35. Nd6 Be2 36. Nc4 Ke7 37. Kg2 Kd7 38. Ne5+ Kd6 39. h3 Bd1 40. b4
Kd5 41. Kf1 Ba4 42. Ke2 Bb5+ 43. Kd2 g5 44. Kc3 Be8 45. Nc4 Bh5 46. Ne5 Be8 47.
Kb3 Bh5 48. b5 Kd6 49. bxa6 Kc7 50. Kb4 Be2 51. Nf7 Bxa6 52. Nxh6 Bf1 53. Nf7
Kd7 54. Nxg5 Ke7 55. Kc5 Kf6 56. h4 e5 57. d5 Ba6 58. d6 Bc8 59. Kc6 f4 60.
gxf4 exf4 61. d7 1-0

[Event "SR 3. liga A2 2009/2010"]
[Site "?"]
[Date "2010.03.28"]
[Round "11.3"]
[White "Sturdik, Igor"]
[Black "Mihalik, Anton"]
[Result "1-0"]
[WhiteElo "2047"]
[BlackElo "1961"]
[PlyCount "97"]
[EventDate "2009.??.??"]

1. e4 c5 2. Nf3 d6 3. d4 cxd4 4. Nxd4 Nf6 5. Nc3 a6 6. Bg5 e6 7. f4 Be7 8. Qf3
Nbd7 9. O-O-O Qc7 10. Bd3 O-O 11. Rhe1 b5 12. e5 Bb7 13. Qh3 dxe5 14. Bxf6 Nxf6
15. fxe5 Bxg2 16. Qxg2 Nh5 17. Qg4 g6 18. Kb1 Ng7 19. Nf3 Rfd8 20. Be4 Rxd1+
21. Rxd1 Rd8 22. Qg1 b4 23. Rxd8+ Qxd8 24. Ne2 a5 25. Qd4 Qc7 26. c4 a4 27. Qd3
Nh5 28. Ned4 Bf8 29. Nb5 Qb6 30. Qd4 Bc5 31. Qd7 a3 32. Qc6 axb2 33. Qxb6 Bxb6
34. Kxb2 f5 35. exf6 Nxf6 36. Bb7 Nd7 37. Bc6 Nc5 38. Ne5 Kf8 39. Kc2 Ke7 40.
Nd3 Kf6 41. Nxb4 Ke5 42. Nd3+ Kf5 43. Nxc5 Bxc5 44. a4 Bb4 45. Kd3 e5 46. Be4+
Kg4 47. Bg2 h5 48. Ke4 Bc5 49. a5 1-0

[Event "SR 3. liga A2 2009/2010"]
[Site "?"]
[Date "2010.03.28"]
[Round "11.4"]
[White "Curidlo, Jan"]
[Black "Bahna, Jan"]
[Result "1/2-1/2"]
[WhiteElo "1938"]
[BlackElo "1960"]
[PlyCount "43"]
[EventDate "2009.??.??"]

1. Nf3 Nf6 2. c4 e6 3. Nc3 d5 4. e3 Be7 5. Be2 O-O 6. O-O a6 7. d4 dxc4 8. Bxc4
b5 9. Bd3 c5 10. dxc5 Bxc5 11. a3 Bb7 12. Be2 Nc6 13. b4 Bd6 14. Bb2 Rc8 15.
Rc1 Ne5 16. Nxe5 Bxe5 17. Qb3 Qd6 18. h3 Rfd8 19. Rfd1 Qb8 20. Rxd8+ Rxd8 21.
Rd1 Qa8 22. Rxd8+ 1/2-1/2

[Event "SR 3. liga A2 2009/2010"]
[Site "?"]
[Date "2010.03.28"]
[Round "11.5"]
[White "Hagara, Vladimir"]
[Black "Slaby, Jozef"]
[Result "0-1"]
[WhiteElo "1942"]
[BlackElo "1963"]
[PlyCount "90"]
[EventDate "2009.??.??"]

1. d4 d5 2. c4 e6 3. Nc3 Nf6 4. Bg5 Be7 5. e3 O-O 6. Nf3 Nbd7 7. Rc1 b6 8. cxd5
exd5 9. Bd3 Bb7 10. O-O Ne4 11. Bxe7 Qxe7 12. Qe2 a5 13. a3 Rfc8 14. Rfd1 Ndf6
15. h3 c5 16. dxc5 bxc5 17. Na4 Rc7 18. Nd2 Nxd2 19. Qxd2 c4 20. Bb1 Bc6 21.
Nc3 g6 22. Qd4 Rb8 23. Rd2 Rcb7 24. Ne2 Nd7 25. Qc3 Qc5 26. Nd4 Qd6 27. Re1 Nc5
28. Nxc6 Qxc6 29. Qxa5 Rxb2 30. Rxb2 Rxb2 31. Qd8+ Kg7 32. Rd1 Qf6 33. Qxf6+
Kxf6 34. f3 Ke5 35. f4+ Ke6 36. Kf1 Nb3 37. Bd3 cxd3 38. Rxd3 Nd2+ 39. Kg1 Nc4
40. Rc3 Re2 41. Rb3 Rxe3 42. Rb7 Rxa3 43. Kf2 h5 44. g4 Rxh3 45. gxh5 Rxh5 0-1

[Event "SR 3. liga A2 2009/2010"]
[Site "?"]
[Date "2010.03.28"]
[Round "11.6"]
[White "Gono, Michal"]
[Black "Holicky, Miroslav"]
[Result "1-0"]
[WhiteElo "1852"]
[BlackElo "1801"]
[PlyCount "101"]
[EventDate "2009.??.??"]

1. d4 d5 2. Bf4 Nf6 3. e3 c6 4. Bd3 g6 5. h3 Bg7 6. Nf3 O-O 7. Nbd2 Na6 8. c3
Nc7 9. O-O Ne6 10. Be5 Ne8 11. Bxg7 N6xg7 12. e4 dxe4 13. Nxe4 Nd6 14. Re1 Be6
15. Nc5 Bd5 16. Qe2 b6 17. Nb3 Bxf3 18. Qxf3 Qc7 19. a4 a5 20. Re5 Rad8 21.
Rae1 e6 22. h4 Ngf5 23. h5 Kh8 24. g4 Ng7 25. h6 Nge8 26. Rxe6 f6 27. Re7 Rd7
28. Rxd7 Qxd7 29. c4 Nb7 30. Be4 Nd8 31. c5 bxc5 32. dxc5 Qb7 33. Rd1 Qc7 34.
Nd4 Qe5 35. Nxc6 Nxc6 36. Bxc6 Nc7 37. Qe3 Qxe3 38. fxe3 Na6 39. Rd5 Nb4 40.
Rd6 Nxc6 41. Rxc6 Kg8 42. Ra6 Rb8 43. Rb6 Rc8 44. Rb5 Rd8 45. Kf2 Kf7 46. Kf3
Rd2 47. Rb7+ Ke6 48. Rxh7 Rxb2 49. c6 Rb8 50. c7 Rc8 51. Rg7 1-0

[Event "SR 3. liga A2 2009/2010"]
[Site "?"]
[Date "2010.03.28"]
[Round "11.7"]
[White "Babirat, Michal"]
[Black "Manak, Adrian"]
[Result "0-1"]
[WhiteElo "1737"]
[BlackElo "1815"]
[PlyCount "64"]
[EventDate "2009.??.??"]

1. c4 c6 2. d4 d5 3. Nc3 Nf6 4. e3 Bf5 5. Nf3 e6 6. Be2 Bb4 7. a3 Bxc3+ 8. bxc3
h6 9. O-O O-O 10. Bd2 Nbd7 11. cxd5 exd5 12. c4 a6 13. c5 b6 14. cxb6 Qxb6 15.
Bb4 Rfe8 16. Bd3 Ne4 17. Rb1 Qc7 18. Qc2 a5 19. Bc5 Nexc5 20. dxc5 Bxd3 21.
Qxd3 Nxc5 22. Qc2 Ne4 23. Rfd1 Qd6 24. Rb6 Qxa3 25. Rxc6 Rab8 26. Rxd5 Rb2 27.
Qc1 Qa2 28. Rd1 Rxf2 29. Rc8 Rxg2+ 30. Kh1 Rxc8 31. Qxc8+ Kh7 32. Qf5+ Rg6 0-1

[Event "SR 3. liga A2 2009/2010"]
[Site "?"]
[Date "2010.03.28"]
[Round "11.8"]
[White "Nemsak, Denis"]
[Black "Kolenak, Matus"]
[Result "1-0"]
[WhiteElo "1645"]
[BlackElo "1660"]
[PlyCount "47"]
[EventDate "2009.??.??"]

1. c4 Nf6 2. Nc3 e6 3. e4 d5 4. e5 Nfd7 5. cxd5 Nxe5 6. d4 Ng6 7. Bb5+ c6 8.
dxc6 bxc6 9. Ba4 Be7 10. Nf3 Ba6 11. Qc2 O-O 12. Be3 Qc7 13. Qe4 Rc8 14. Rc1
Nd7 15. Ng5 Nf6 16. Qf3 Rab8 17. Bb3 Qa5 18. Qh3 c5 19. Bxe6 fxe6 20. Qxe6+ Kh8
21. Nf7+ Kg8 22. Nh6+ Kh8 23. Qg8+ Rxg8 24. Nf7# 1-0

[Event "SR 3. liga A2 2009/2010"]
[Site "?"]
[Date "2010.03.28"]
[Round "11.1"]
[White "Frank, Jozsef"]
[Black "Lukac, Roman"]
[Result "1-0"]
[WhiteElo "2188"]
[BlackElo "1932"]
[PlyCount "127"]
[EventDate "2009.??.??"]

1. e4 c5 2. Nf3 Nc6 3. Nc3 Nf6 4. d4 cxd4 5. Nxd4 e5 6. Nb3 Bb4 7. Bd3 d5 8.
exd5 Nxd5 9. Bd2 Bxc3 10. bxc3 O-O 11. Qh5 Nf6 12. Qh4 e4 13. Be2 Ne5 14. O-O
Ng6 15. Qg3 Qd5 16. Bg5 Qe5 17. Rad1 Be6 18. Rd4 Rac8 19. Qxe5 Nxe5 20. Bxf6
gxf6 21. Rxe4 Rxc3 22. f4 Nc6 23. f5 Bd5 24. Rg4+ Kh8 25. Bd1 Rg8 26. Rff4 Rd8
27. Rf1 Bc4 28. Re1 Ne5 29. Rf4 Bxb3 30. axb3 Kg7 31. Kf2 Rd2+ 32. Kf1 Nc6 33.
Rf2 Rxf2+ 34. Kxf2 Rc5 35. g4 Ne5 36. h3 b5 37. Re4 a5 38. Rd4 Kh6 39. Rd8 a4
40. Ra8 axb3 41. cxb3 Kg5 42. Rb8 Kf4 43. Rb6 Rc1 44. Ke2 Rc5 45. Rxf6 Kg5 46.
Rb6 h5 47. gxh5 Nc6 48. Kd2 Kxf5 49. Bf3 Nd4 50. Bg4+ Kg5 51. h6 f5 52. Bd1 Rc7
53. Ke3 Re7+ 54. Kxd4 Rd7+ 55. Ke3 Rxd1 56. Rxb5 Rh1 57. Rb6 Rxh3+ 58. Kf2 Kf4
59. b4 Ke5 60. b5 Kd5 61. Rg6 Rc3 62. b6 Rc8 63. b7 Rh8 64. h7 1-0

[Event "SR 3. liga A2 2009/2010"]
[Site "?"]
[Date "2010.03.28"]
[Round "11.2"]
[White "Pagac, Robert"]
[Black "Ivan, Imrich ml"]
[Result "1/2-1/2"]
[WhiteElo "1830"]
[BlackElo "2079"]
[PlyCount "54"]
[EventDate "2009.??.??"]

1. e4 e6 2. d4 d5 3. exd5 exd5 4. Bd3 Nf6 5. Nf3 Be7 6. O-O Bg4 7. Be2 O-O 8.
Ne5 Bxe2 9. Qxe2 Nbd7 10. Bf4 Re8 11. Nd2 c6 12. c3 h6 13. Rfe1 Nf8 14. Qd3 Ne6
15. Bg3 Ng5 16. Bh4 Nfe4 17. Bxg5 Nxg5 18. Qf5 Qc8 19. Qf4 Bd6 20. h4 Bxe5 21.
Rxe5 Rxe5 22. Qxe5 Ne6 23. Re1 Qd8 24. Nf3 Qa5 25. Qf5 Rf8 26. a3 Qb6 27. b4
Qd8 1/2-1/2

[Event "SR 3. liga A2 2009/2010"]
[Site "?"]
[Date "2010.03.28"]
[Round "11.3"]
[White "Abraham, Jan"]
[Black "Brisudova, Veronika"]
[Result "0-1"]
[WhiteElo "1981"]
[BlackElo "1737"]
[PlyCount "78"]
[EventDate "2009.??.??"]

1. e4 c5 2. Nc3 Nc6 3. g3 g6 4. Bg2 Bg7 5. d3 d6 6. Nf3 Nf6 7. O-O O-O 8. Be3
Bg4 9. Qd2 Qd7 10. Rfe1 Rfc8 11. Ne2 Bh3 12. Bh1 b5 13. Nf4 b4 14. c3 Ng4 15.
Bxc5 bxc3 16. bxc3 dxc5 17. Nxh3 Rd8 18. Red1 Nge5 19. Nf4 Bh6 20. Ne1 Rab8 21.
Qe3 Ng4 22. Qe2 Bxf4 23. gxf4 Nf6 24. Rab1 Rbc8 25. Rb2 Nh5 26. f5 Ne5 27. d4
Qa4 28. Rbb1 cxd4 29. Qb5 Qxb5 30. Rxb5 dxc3 31. Rc1 Nd3 32. Nxd3 Rxd3 33. fxg6
hxg6 34. Rd5 Nf4 35. Kf1 Rxd5 36. exd5 Nd3 37. Rc2 Nb4 38. Be4 Nxc2 39. Bxc2
Rc5 0-1

[Event "SR 3. liga A2 2009/2010"]
[Site "?"]
[Date "2010.03.28"]
[Round "11.4"]
[White "Harasta, Juraj"]
[Black "Csefalvay, Stefan"]
[Result "0-1"]
[WhiteElo "1688"]
[BlackElo "1908"]
[PlyCount "54"]
[EventDate "2009.??.??"]

1. e4 c5 2. Nf3 Nc6 3. d4 cxd4 4. Nxd4 e5 5. Nxc6 bxc6 6. c4 Nf6 7. f3 Be7 8.
Be2 Bc5 9. Nc3 O-O 10. Bg5 Bd4 11. Rc1 Rb8 12. b3 h6 13. Bh4 Qa5 14. Qd2 Nh5
15. Bf2 Bxc3 16. Rxc3 Nf4 17. g3 Ne6 18. O-O c5 19. Be3 Nd4 20. Bd1 Rb6 21. f4
Rd6 22. Qb2 f6 23. Bh5 Bb7 24. Bg6 Qxc3 25. Qxc3 Ne2+ 26. Kh1 Nxc3 27. Bxc5 Rd1
0-1

[Event "SR 3. liga A2 2009/2010"]
[Site "?"]
[Date "2010.03.28"]
[Round "11.5"]
[White "Vizvari, Ludovit"]
[Black "Harastova, Viera"]
[Result "1/2-1/2"]
[WhiteElo "2015"]
[BlackElo "1651"]
[PlyCount "117"]
[EventDate "2009.??.??"]

1. d4 d5 2. c4 e6 3. Nc3 Nf6 4. Nf3 Nbd7 5. Bf4 Bb4 6. e3 b6 7. a3 Bxc3+ 8.
bxc3 O-O 9. Qc2 Bb7 10. cxd5 Bxd5 11. Be2 Rc8 12. O-O c5 13. Qa4 Ne4 14. Rfc1
cxd4 15. cxd4 Nc3 16. Qa6 Nxe2+ 17. Qxe2 Bxf3 18. Qxf3 Rxc1+ 19. Rxc1 Qa8 20.
Qxa8 Rxa8 21. f3 b5 22. Kf2 Nb6 23. Bd6 Nc4 24. Bc5 f6 25. e4 Kf7 26. Ke2 a6
27. g4 Rd8 28. a4 g6 29. axb5 axb5 30. Ra1 Rd7 31. Rb1 Rb7 32. Kd3 Ke8 33. Kc3
Kd7 34. Ra1 f5 35. Ra8 fxg4 36. fxg4 Ne3 37. g5 Nf1 38. Rh8 Kc6 39. Re8 Nxh2
40. Rxe6+ Kd7 41. d5 Nf3 42. Be3 Rb8 43. Kb4 Ne1 44. Bb6 Nf3 45. e5 Nxe5 46.
Bd4 Nd3+ 47. Kb3 Nf4 48. Rf6 Nxd5 49. Rf7+ Ke6 50. Rxh7 Kf5 51. Rd7 Nf4 52. Bf6
Rb6 53. Kb4 Ne6 54. Rd5+ Kg4 55. Rxb5 Rxb5+ 56. Kxb5 Nxg5 57. Be7 Ne4 58. Kc4
Kf5 59. Bh4 1/2-1/2

[Event "SR 3. liga A2 2009/2010"]
[Site "?"]
[Date "2010.03.28"]
[Round "11.6"]
[White "Harasta, Marian"]
[Black "Vegh, Vince"]
[Result "1/2-1/2"]
[WhiteElo "1608"]
[BlackElo "1920"]
[PlyCount "131"]
[EventDate "2009.??.??"]

1. d4 d5 2. c4 c6 3. Qc2 Nf6 4. Nf3 Bg4 5. h3 Bxf3 6. exf3 e6 7. Bg5 Be7 8. Bd3
h6 9. Bh4 Nbd7 10. Nc3 dxc4 11. Bxc4 Nb6 12. Qd3 O-O 13. Rd1 Qc7 14. Bg3 Qd7
15. O-O Nbd5 16. Ne4 Rfd8 17. Rfe1 b5 18. Bb3 a5 19. a3 a4 20. Bc2 b4 21. Be5
b3 22. Bb1 Qa7 23. Nxf6+ Nxf6 24. Qc4 Rac8 25. Be4 Nxe4 26. fxe4 Qa8 27. Re3
Bd6 28. Bxd6 Rxd6 29. Rc3 Rdd8 30. Rf3 Rd7 31. Rc3 Rcd8 32. Rcd3 Qa7 33. Kf1 c5
34. d5 exd5 35. Rxd5 Qc7 36. Qxa4 Rxd5 37. Rxd5 Rxd5 38. exd5 c4 39. Qc6 Qe5
40. Qxc4 Qxb2 41. Qc8+ Kh7 42. Qf5+ g6 43. Qxf7+ Qg7 44. Qf3 Qb7 45. Qd3 b2 46.
Qb1 Qxd5 47. Ke2 Qb3 48. a4 Qc3 49. Kd1 Qd4+ 50. Ke1 Qe5+ 51. Kd2 Qf4+ 52. Kc2
Qxf2+ 53. Kb3 Qb6+ 54. Ka2 Qb4 55. Qxb2 Qxa4+ 56. Kb1 Qe4+ 57. Kc1 Qe1+ 58. Kc2
Qf2+ 59. Kb3 Qxb2+ 60. Kxb2 Kg7 61. Kc3 Kf6 62. Kd3 Kf5 63. Ke3 Ke5 64. g3 Kf5
65. Kf3 h5 66. h4 1/2-1/2

[Event "SR 3. liga A2 2009/2010"]
[Site "?"]
[Date "2010.03.28"]
[Round "11.7"]
[White "Varkonyi, Miklos"]
[Black "Berger, Patrik"]
[Result "1/2-1/2"]
[WhiteElo "1761"]
[BlackElo "1627"]
[PlyCount "67"]
[EventDate "2009.??.??"]

1. e4 c5 2. Nf3 d6 3. d4 cxd4 4. Nxd4 Nf6 5. Nc3 g6 6. Be2 Bg7 7. Be3 Nc6 8.
Qd2 O-O 9. f3 a6 10. O-O Qc7 11. Rad1 Nxd4 12. Bxd4 b5 13. Be3 Bb7 14. Kh1 Rac8
15. Bd3 Nd7 16. Bh6 Ne5 17. Bxg7 Kxg7 18. Rc1 Nc4 19. Bxc4 Qxc4 20. a3 Rc7 21.
Rfd1 Rfc8 22. Qd4+ Kg8 23. Qxc4 Rxc4 24. Rd2 b4 25. axb4 Rxb4 26. Nd1 Bc6 27.
b3 a5 28. Nb2 Bb5 29. Ra1 a4 30. Nxa4 Bxa4 31. bxa4 Ra8 32. Kg1 Rbxa4 33. Rxa4
Rxa4 34. Kf2 1/2-1/2

[Event "SR 3. liga A2 2009/2010"]
[Site "?"]
[Date "2010.03.28"]
[Round "11.8"]
[White "Drabek, Martin"]
[Black "Bogi, Timea"]
[Result "1-0"]
[WhiteElo "1449"]
[BlackElo "1589"]
[PlyCount "109"]
[EventDate "2009.??.??"]

1. e4 e5 2. Nf3 Nc6 3. Bc4 Bc5 4. Nc3 Nf6 5. a3 a6 6. d3 h6 7. O-O d6 8. h3 O-O
9. Be3 Nd4 10. Bxd4 Bxd4 11. Nxd4 exd4 12. Ne2 c5 13. Nf4 Kh7 14. Qf3 Nd7 15.
Qg3 Ne5 16. Nh5 g6 17. Nf4 Nxc4 18. dxc4 b5 19. cxb5 axb5 20. Qb3 Qg5 21. Qd5
Bb7 22. Qxb7 Qxf4 23. Rfe1 Rab8 24. Qd5 Qe5 25. Re2 Kg7 26. Rf1 Rfe8 27. Qxe5+
dxe5 28. f3 c4 29. Rd1 Ra8 30. Ra1 b4 31. Kf2 bxa3 32. bxa3 Reb8 33. Ree1 Rb2
34. Re2 d3 35. cxd3 c3 36. Rxb2 cxb2 37. Rb1 Rxa3 38. Ke2 Rb3 39. Kd2 f5 40.
Kc2 Rb8 41. Rxb2 Rxb2+ 42. Kxb2 Kf6 43. Kc3 Kg5 44. Kc4 Kf6 45. d4 Ke6 46. d5+
Kd6 47. g3 h5 48. h4 f4 49. gxf4 exf4 50. Kd4 g5 51. hxg5 h4 52. g6 h3 53. g7
h2 54. g8=Q h1=Q 55. Qd8# 1-0

[Event "SR 3. liga A2 2009/2010"]
[Site "?"]
[Date "2010.03.28"]
[Round "11.1"]
[White "Kapusta, Petr"]
[Black "Pagerka, Martin"]
[Result "1/2-1/2"]
[WhiteElo "2135"]
[BlackElo "2097"]
[PlyCount "56"]
[EventDate "2009.??.??"]

1. e4 c5 2. Nf3 d6 3. d4 cxd4 4. Nxd4 Nf6 5. Nc3 a6 6. Be2 e6 7. O-O Qc7 8. f4
Bd7 9. a4 Nc6 10. Be3 Be7 11. Bf3 Na5 12. Kh1 Rb8 13. g4 h6 14. Bg2 b5 15. axb5
axb5 16. Qe2 Nc4 17. Ndxb5 Rxb5 18. Nxb5 Bxb5 19. Ra8+ Bd8 20. b3 Qc6 21. Rfa1
Nxe3 22. Qxe3 Nxg4 23. Qf3 h5 24. c4 Qb6 25. cxb5 Nf2+ 26. Kg1 Nxe4+ 27. Kh1
Nf2+ 28. Kg1 Ne4+ 1/2-1/2

[Event "SR 3. liga A2 2009/2010"]
[Site "?"]
[Date "2010.03.28"]
[Round "11.2"]
[White "Diviak, Rastislav"]
[Black "Hudacek, Josef"]
[Result "1/2-1/2"]
[WhiteElo "2043"]
[BlackElo "2070"]
[PlyCount "51"]
[EventDate "2009.??.??"]

1. e4 c5 2. Nf3 d6 3. d4 cxd4 4. Nxd4 Nf6 5. Nc3 a6 6. Be2 e6 7. O-O Qc7 8. f4
Nbd7 9. Kh1 b5 10. a3 Bb7 11. Bf3 Nb6 12. Qe1 Rc8 13. Nb3 Be7 14. Na5 Ba8 15.
Be3 d5 16. exd5 Nbxd5 17. Nxd5 Nxd5 18. Bd4 O-O 19. Rc1 Nxf4 20. Bxa8 Rxa8 21.
Qg3 f6 22. Qxf4 Qxa5 23. Qg4 Qc7 24. Qxe6+ Kh8 25. c3 $11 Bd6 26. Qh3 1/2-1/2

[Event "SR 3. liga A2 2009/2010"]
[Site "?"]
[Date "2010.03.28"]
[Round "11.3"]
[White "Londin, Martin"]
[Black "Cajka, Tibor"]
[Result "0-1"]
[WhiteElo "2005"]
[BlackElo "1932"]
[PlyCount "56"]
[EventDate "2009.??.??"]

1. e4 c5 2. Nf3 a6 3. d4 cxd4 4. Nxd4 Nf6 5. Nc3 e5 6. Nf3 d6 7. Bc4 Qc7 8. Qd3
Be7 9. O-O O-O 10. h3 Nbd7 11. Nd2 b5 12. Bd5 Rb8 13. a3 Nb6 14. Bb3 Bb7 15.
Rd1 Rfd8 16. Nf1 d5 17. exd5 Nbxd5 18. Nxd5 Nxd5 19. Qg3 Kh8 20. Re1 Nf4 21.
Bxf4 exf4 22. Qg4 Bc5 23. Re2 Rd4 24. Rd2 f5 25. Qh5 Qc6 26. Qf3 Qb6 27. Qe2
Qg6 28. g3 Qc6 0-1

[Event "SR 3. liga A2 2009/2010"]
[Site "?"]
[Date "2010.03.28"]
[Round "11.4"]
[White "Jozefek, Michal"]
[Black "Vepy, Ivan"]
[Result "1-0"]
[WhiteElo "1902"]
[BlackElo "1920"]
[PlyCount "67"]
[EventDate "2009.??.??"]

1. d4 Nf6 2. c4 e6 3. Nc3 d5 4. cxd5 exd5 5. Bg5 Be7 6. e3 O-O 7. Bd3 b6 8.
Nge2 Ba6 9. Bxa6 Nxa6 10. Qa4 Nb8 11. O-O Qd7 12. Rac1 Qxa4 13. Nxa4 Na6 14.
Nf4 Rfd8 15. Nd3 Rac8 16. Bxf6 Bxf6 17. b4 Be7 18. a3 Bd6 19. Rc3 Nb8 20. Rfc1
Nd7 21. Nf4 Nf6 22. f3 Re8 23. Kf2 Re7 24. Rd3 g5 25. Ne2 Rce8 26. Nac3 g4 27.
Ng3 Re6 28. Nb5 h5 29. Nxd6 cxd6 30. Rc7 Kg7 31. Rdc3 Kg6 32. Rxa7 h4 33. Nf1
Rh8 34. Rb7 1-0

[Event "SR 3. liga A2 2009/2010"]
[Site "?"]
[Date "2010.03.28"]
[Round "11.5"]
[White "Hrubsa, Marian"]
[Black "Spacek, Oliver"]
[Result "1-0"]
[WhiteElo "1930"]
[BlackElo "1779"]
[PlyCount "59"]
[EventDate "2009.??.??"]

1. e4 c5 2. Nf3 Nc6 3. d4 cxd4 4. Nxd4 Nf6 5. Nc3 e5 6. Ndb5 d6 7. Bg5 a6 8.
Na3 b5 9. Nd5 Be7 10. Be3 Rb8 11. f3 O-O 12. Be2 Bb7 13. Nxf6+ Bxf6 14. O-O Nd4
15. c4 b4 16. Nc2 Qb6 17. Nxd4 exd4 18. Bf2 Be5 19. Qd3 f5 20. exf5 d5 21. f4
Bf6 22. Rad1 Rbe8 23. Bf3 Re4 24. cxd5 Rxf4 25. g3 Rxf3 26. Qxf3 Rd8 27. Rfe1
Rxd5 28. Re8+ Kf7 29. Rde1 Re5 30. Qh5+ 1-0

[Event "SR 3. liga A2 2009/2010"]
[Site "?"]
[Date "2010.03.28"]
[Round "11.6"]
[White "Skapik, Branislav"]
[Black "Vach, Jozef"]
[Result "1/2-1/2"]
[WhiteElo "1847"]
[BlackElo "1907"]
[PlyCount "87"]
[EventDate "2009.??.??"]

1. e4 e5 2. Nf3 Nc6 3. Bb5 a6 4. Ba4 b5 5. Bb3 d6 6. h3 Na5 7. d4 exd4 8. Nxd4
Nxb3 9. axb3 Bb7 10. Qe2 Qe7 11. f3 g6 12. c4 Qe5 13. Nc2 Nf6 14. Nc3 Nh5 15.
f4 Nxf4 16. Bxf4 Qxf4 17. cxb5 Bg7 18. bxa6 Bxc3+ 19. bxc3 Bxe4 20. Ra4 f5 21.
Kd1 O-O 22. Nd4 Qg3 23. Ne6 Qxc3 24. Qc4 Qxc4 25. bxc4 Bxg2 26. Rh2 Bc6 27. Ra3
Rf7 28. Rb2 Re7 29. Nd4 Be4 30. a7 Ree8 31. Nb5 Rec8 32. Ra6 Kf7 33. Kd2 f4 34.
Nc3 Bf3 35. Nd5 Bxd5 36. cxd5 Ke7 37. Ke2 Rf8 38. Rb7 Kd7 39. Rc6 Rfc8 40. Kf3
h6 41. Kxf4 Rf8+ 42. Kg4 Rac8 43. a8=Q Rxa8 44. Rcxc7+ 1/2-1/2

[Event "SR 3. liga A2 2009/2010"]
[Site "?"]
[Date "2010.03.28"]
[Round "11.7"]
[White "Planka, Peter"]
[Black "Danada, Tomas"]
[Result "1/2-1/2"]
[WhiteElo "1776"]
[BlackElo "1772"]
[PlyCount "103"]
[EventDate "2009.??.??"]

1. e4 e6 2. d4 d5 3. Nd2 Nf6 4. e5 Nfd7 5. Ngf3 c5 6. c3 Nc6 7. Be2 cxd4 8.
cxd4 Qb6 9. Qa4 Qb4 10. Qxb4 Nxb4 11. O-O Nb6 12. b3 Nc2 13. Rb1 Na3 14. Ra1
Nc2 15. Rb1 Na3 16. Bxa3 Bxa3 17. b4 a5 18. bxa5 Nd7 19. Nb3 Bb4 20. Rfc1 O-O
21. Rc2 Bxa5 22. Nxa5 Rxa5 23. Bd3 b6 24. Bb5 Nb8 25. Bf1 Nd7 26. Rbc1 Ba6 27.
Rc7 Nb8 28. R1c2 h6 29. Rb2 Rd8 30. Ra7 Bxf1 31. Rxa5 bxa5 32. Kxf1 Nc6 33. Rb6
Rc8 34. Ra6 Nb4 35. Rxa5 Rc1+ 36. Ke2 Rc2+ 37. Ke3 Rxa2 38. Rxa2 Nxa2 39. Nd2
Nb4 40. Nb3 Kf8 41. h4 Nc6 42. g3 Ne7 43. Kf4 g6 44. g4 Kg7 45. f3 Kh7 46. Na5
Kg7 47. Nb7 Nc6 48. Ke3 Nb4 49. Nd6 Nc2+ 50. Kd3 Ne1+ 51. Ke2 Ng2 52. Kf2
1/2-1/2

[Event "SR 3. liga A2 2009/2010"]
[Site "?"]
[Date "2010.03.28"]
[Round "11.8"]
[White "Spacek, Marcel"]
[Black "Kubik, Peter"]
[Result "1/2-1/2"]
[WhiteElo "1585"]
[BlackElo "1573"]
[PlyCount "114"]
[EventDate "2009.??.??"]

1. d4 d5 2. c4 e6 3. Nc3 Nf6 4. cxd5 exd5 5. Bg5 c6 6. Qc2 Be7 7. e3 h6 8. Bh4
Be6 9. Bd3 Nbd7 10. Nge2 c5 11. Nf4 c4 12. Bg6 Nf8 13. Nxe6 Nxe6 14. Qf5 Nc7
15. Bxf6 Bxf6 16. Bh5 g6 17. Bxg6 fxg6 18. Qxg6+ Ke7 19. O-O-O Qg8 20. Qf5 Rf8
21. Rde1 Qe6 22. Qh5 Kd7 23. Qd1 b5 24. Ne2 Bg5 25. h4 Be7 26. Nf4 Qa6 27. Kb1
Rhg8 28. g3 Qd6 29. Rhf1 Ne6 30. Ne2 a5 31. Nc3 b4 32. Nb5 Qc6 33. Na7 Qb6 34.
Qa4+ Kc7 35. Nb5+ Kb7 36. e4 Nxd4 37. Nxd4 Qxd4 38. exd5 Qc5 39. Qd7+ Qc7 40.
Rxe7 Qxd7 41. Rxd7+ Kb6 42. Rd6+ Kc5 43. Rxh6 Rxg3 44. Rc6+ Kxd5 45. Ra6 Rgf3
46. Rxa5+ Kc6 47. Rg1 Rxf2 48. Ra6+ Kb5 49. Rd6 Rf1+ 50. Rxf1 Rxf1+ 51. Kc2 Rh1
52. Rd5+ Kc6 53. Rd4 Kc5 54. Re4 Rh2+ 55. Kc1 Rh1+ 56. Kd2 Rh2+ 57. Kc1 Rh1+
1/2-1/2

[Event "SR 3. liga A2 2009/2010"]
[Site "?"]
[Date "2010.03.28"]
[Round "11.2"]
[White "Cechovic, Stefan"]
[Black "Kovarik, Oto"]
[Result "1-0"]
[WhiteElo "2181"]
[BlackElo "2053"]
[PlyCount "83"]
[EventDate "2009.??.??"]

1. Nf3 d5 2. d4 Nf6 3. g3 e6 4. Bg2 c5 5. O-O Nc6 6. b3 cxd4 7. Nxd4 Bc5 8. Bb2
O-O 9. Nxc6 bxc6 10. Nd2 Ba6 11. c4 Rc8 12. Qc2 Re8 13. a3 e5 14. b4 Bd4 15.
Rac1 Bxb2 16. Qxb2 e4 17. e3 Rb8 18. Rfd1 Qb6 19. Qc3 Red8 20. Bf1 d4 21. exd4
Qxd4 22. Qxd4 Rxd4 23. Nb3 Rxd1 24. Rxd1 Re8 25. Rd6 Re6 26. Rxe6 fxe6 27. Nd4
Bb7 28. Nxe6 Bc8 29. Nc5 Kf8 30. Bg2 Bf5 31. f3 exf3 32. Bxf3 Bd7 33. Nxd7+
Nxd7 34. Bxc6 Nb6 35. Bb5 Ke7 36. Kf2 Nc8 37. c5 Ke6 38. Ke3 Kd5 39. Kd3 a5 40.
Ba6 Ne7 41. Bb7+ Ke5 42. bxa5 1-0

[Event "SR 3. liga A2 2009/2010"]
[Site "?"]
[Date "2010.03.28"]
[Round "11.3"]
[White "Sefcik, Marek"]
[Black "Sarmir, Milos"]
[Result "0-1"]
[WhiteElo "2022"]
[BlackElo "2090"]
[PlyCount "70"]
[EventDate "2009.??.??"]

1. d4 Nf6 2. Bf4 e6 3. e3 d5 4. Nf3 Be7 5. Bd3 Nbd7 6. Nbd2 c5 7. c3 a6 8. Ne5
Nxe5 9. dxe5 Nd7 10. Qg4 g6 11. Nf3 Qc7 12. O-O b5 13. a4 b4 14. c4 dxc4 15.
Bxc4 Nb6 16. Bd3 Bb7 17. Rfc1 Rd8 18. Bf1 h5 19. Qh3 Bxf3 20. Qxf3 g5 21. Bxa6
gxf4 22. Bb5+ Kf8 23. Qxf4 Nd5 24. Qe4 Rh6 25. f4 h4 26. Qf3 Qa7 27. Kf1 c4 28.
e4 Ne3+ 29. Ke2 Rg6 30. g3 Qd4 31. Qxe3 Qxb2+ 32. Ke1 Qxh2 33. Bxc4 Rxg3 34.
Qf2 Rg2 35. Qf3 Rg1+ 0-1

[Event "SR 3. liga A2 2009/2010"]
[Site "?"]
[Date "2010.03.28"]
[Round "11.4"]
[White "Vagovsky, Jozef"]
[Black "Bilovsky, Milan"]
[Result "1-0"]
[WhiteElo "1986"]
[BlackElo "1940"]
[PlyCount "97"]
[EventDate "2009.??.??"]

1. d4 d5 2. Nf3 Bf5 3. e3 e6 4. c4 c6 5. Nc3 Nf6 6. Nh4 Bg6 7. Qb3 Qc7 8. Bd2
Nbd7 9. Rc1 dxc4 10. Bxc4 Nb6 11. Be2 a6 12. Nxg6 hxg6 13. Bf3 Rd8 14. Ne2 Nbd7
15. Qa4 Nb6 16. Qb3 Nbd7 17. Qa4 Nb6 18. Qa5 Nfd7 19. g3 Be7 20. O-O O-O 21. e4
Nf6 22. Bf4 e5 23. Bxe5 Bd6 24. Bxd6 Rxd6 25. e5 Rd5 26. Qc3 Nfd7 27. Bxd5 Nxd5
28. Qd2 N7b6 29. Rfe1 Re8 30. Nc3 Qd7 31. Ne4 Nc8 32. a3 Nce7 33. Nd6 Rb8 34.
Rcd1 Nf5 35. Ne4 Re8 36. Nc5 Qc7 37. Qg5 Nfe7 38. g4 Ra8 39. h4 b6 40. Ne4 c5
41. dxc5 bxc5 42. Rc1 c4 43. Nd6 c3 44. bxc3 Nxc3 45. Qf4 Ned5 46. Qf3 Rf8 47.
Red1 Qc5 48. Ne4 Rc8 49. Nxc5 1-0